| 000 | 00747nam a2200253 a 4500 | ||
|---|---|---|---|
| 001 | 86017 | ||
| 003 | BD-RjUL | ||
| 005 | 20251202123252.0 | ||
| 008 | 251202s19531918enk||||| |||| 00| 0 eng d | ||
| 035 | _a(BD-RjUL)86017 | ||
| 040 |
_aBD-RjUL _beng _cBD-RjUL |
||
| 041 | _aeng | ||
| 082 |
_223 _a871 _bBOT 1953 |
||
| 100 |
_aBoethius _917436 |
||
| 245 |
_aThe theological tractates / _bwith an English translation by H.F. Stewart and E.K. Rand . |
||
| 246 |
_aBoethius : _bThe theological tractates |
||
| 260 |
_aLondon : _bHeinemann, _c1953 |
||
| 300 |
_a419 p.; _c17 cm. |
||
| 650 |
_aFilosofĂa medieval _917437 |
||
| 650 |
_aLatin Literrature _917438 |
||
| 700 |
_aStewart, H.F. _917439 |
||
| 700 |
_aRand, E.K. _917440 |
||
| 942 |
_2ddc _cBK |
||
| 999 |
_c86017 _d86017 |
||